| 000 | 00709nas1a22002051i 4500 | ||
|---|---|---|---|
| 001 | rc\369272 | ||
| 005 | 20260407133121.0 | ||
| 035 | _a(NLR Aleph) 005634718 | ||
| 090 |
_a6606656 _c6606656 |
||
| 100 | _a20030307a19899999u |0rusy50 ca | ||
| 101 | 0 | _arus | |
| 102 | _aRU | ||
| 200 | 1 | _aВедомости Съезда народных депутатов СССР и Верховного Совета СССР | |
| 210 |
_aМ. _cВерхов. Совет СССР _d1989- |
||
| 710 | 0 | 1 |
_aСССР _bСъезд народных депутатов _d1 _f1989 _eМосква _3RU\NLR\AUTH\8810079444 _9661050 |
| 801 | 0 |
_aRU _bNLR _gpsbo |
|
| 801 | 1 |
_aRU _bELAR _2rusmarc |
|
| 852 |
_aNLR _jП23/2117 |
||
| 942 | _cSE | ||